Estatísticas para Cultura Geral

Clique aqui para jogar o quiz

Estatísticas Gerais

  • Esse quiz foi jogado 29 vezes
  • A pontuação média é 9 de 15

Estatísticas das Respostas

HintResposta% Correto
Em que país o alemão, o francês e o italiano são todos os idiomas oficiais?Suíça
85%
A bandeira de qual país apresenta 27 estrelas brancas representando seus 27 estados?Brasil
81%
Qual é o único país em que pandas gigantes vivem em estado selvagem?China
81%
Qual é a língua oficial no Liechtenstein?Alemão
77%
Que língua fala a maioria das pessoas que vivem perto do Mar Vermelho?Árabe
77%
O que, principalmente, os pandas gigantes comem?Bambú
73%
Qual pequena ilha do Caribe é o único país com o nome de uma mulher?Santa Lúcia
69%
Qual país tem os ursos mais selvagens?Canadá
58%
Qual país abriga as mais diferentes espécies de cactos?México
58%
Que líder empresarial quase sempre usava uma gola alta preta, jeans e tênis branco?Steve Jobs
58%
O que muitos ursos nas regiões do norte fazem no inverno?Hibernação
50%
Qual é o nome do famoso casino de Mónaco?Casino de Monte Carlo
31%
Qual grande empresa petrolífera está sediada na Holanda?Shell
31%
Que país celebra o feriado Tết?Vietnã
31%
Qual organização de conservação usa o Panda Gigante como seu logotipo?WWF
31%

Distribuição das Pontuações

Percentil de Números Respondidos

Porcentagem de Pessoas com Cada Pontuação

Sua Pontuação Histórica

Você não jogou esse quiz